[Event "Superettan(Lulea-Horndal)"]
[Site "?"]
[Date "2011.02.06"]
[Round "5"]
[White "Eriksson, Magnus"]
[Black "Pettersson, Tobias"]
[Result "1-0"]
[WhiteElo "2101"]
[BlackElo "2145"]
[PlyCount "63"]
[EventDate "2011.??.??"]

1. d4 Nf6 2. c4 g6 3. Nc3 Bg7 4. e4 O-O 5. Be2 d6 6. Bg5 Na6 7. Qd2 c5 8. d5
Nc7 9. a4 Rb8 10. h3 b6 11. Nf3 a6 12. Bf4 Bd7 13. e5 Nfe8 14. O-O b5 15. axb5
axb5 16. b3 bxc4 17. bxc4 dxe5 18. Nxe5 Nd6 19. Rfb1 Rxb1+ 20. Rxb1 Na6 21. Qa2
Nb4 22. Qa7 Bf5 23. Rc1 g5 24. Bg3 Bxe5 25. Bxe5 Bd3 26. Qxc5 Bxe2 27. Nxe2 Na2
28. Rc2 Qa8 29. Qe3 f6 30. Bxd6 exd6 31. Qb3 Rb8 32. Rxa2 1-0

[Event "Superettan(Lulea-Horndal)"]
[Site "?"]
[Date "2011.02.06"]
[Round "5"]
[White "Dedorsson, Tomas"]
[Black "Becker, Johnny"]
[Result "0-1"]
[WhiteElo "2105"]
[BlackElo "2073"]
[PlyCount "94"]
[EventDate "2011.??.??"]

1. d4 c5 2. d5 e5 3. e4 d6 4. Nc3 Be7 5. Nf3 a6 6. a4 Bg4 7. b3 Nf6 8. Be2 Bxf3
9. Bxf3 Nbd7 10. O-O O-O 11. a5 Ne8 12. g3 g6 13. Bg2 Ng7 14. Bh6 Bg5 15. Bxg7
Kxg7 16. Qd3 Bf6 17. Bh3 Kg8 18. Na4 Rb8 19. Bxd7 Qxd7 20. Nb6 Qe7 21. c3 Bg7
22. b4 cxb4 23. cxb4 f5 24. Rac1 Bh6 25. Rc2 Rf7 26. f3 Rbf8 27. Kg2 Qf6 28.
Rff2 Bg5 29. Rc8 Rxc8 30. Nxc8 h5 31. Rc2 h4 32. Nb6 hxg3 33. hxg3 Bh6 34. Rc8+
Bf8 35. Rc1 f4 36. g4 Qh4 37. Rh1 Qg3+ 38. Kf1 Rc7 39. Nc4 Be7 40. Qe2 Bh4 41.
Rh2 Rxc4 42. Qxc4 Qxh2 43. Qc8+ Kg7 44. Qd7+ Kh6 45. g5+ Bxg5 46. Qxd6 Qh1+ 47.
Ke2 Qg2+ 0-1

[Event "Superettan(Lulea-Horndal)"]
[Site "?"]
[Date "2011.02.06"]
[Round "5"]
[White "Seger, Goran"]
[Black "Bjorkbom, Kent"]
[Result "1/2-1/2"]
[WhiteElo "2026"]
[BlackElo "2029"]
[PlyCount "43"]
[EventDate "2011.??.??"]

1. e4 e5 2. Nf3 Nc6 3. Bc4 Bc5 4. b4 Bxb4 5. c3 Be7 6. Qb3 Nh6 7. d4 Na5 8. Qb5
Nxc4 9. Qxc4 d5 10. exd5 exd4 11. cxd4 Nf5 12. O-O O-O 13. Nc3 Nd6 14. Qb3 c6
15. dxc6 bxc6 16. Be3 Be6 17. Qa4 Bd5 18. Ne5 Bf6 19. Rac1 Bxe5 20. dxe5 Nc4
21. Nxd5 cxd5 22. Bd4 1/2-1/2

[Event "Superettan(Lulea-Horndal)"]
[Site "?"]
[Date "2011.02.06"]
[Round "5"]
[White "Pousette, Gunnar"]
[Black "Wiker, Bo"]
[Result "1-0"]
[WhiteElo "2073"]
[BlackElo "2091"]
[PlyCount "53"]
[EventDate "2011.??.??"]

1. c4 Nf6 2. g3 g6 3. Bg2 Bg7 4. Nf3 O-O 5. Nc3 d6 6. O-O e5 7. d3 h6 8. e4 Nc6
9. Rb1 Bg4 10. h3 Bxf3 11. Bxf3 Nd4 12. Bg2 c5 13. b4 cxb4 14. Rxb4 Qa5 15. a3
Nd7 16. Nb5 Nxb5 17. Rxb5 Qa6 18. Be3 Rac8 19. Qd2 b6 20. Ra1 Nc5 21. a4 Rfe8
22. a5 d5 23. Bxc5 dxc4 24. dxc4 Red8 25. Bd6 bxa5 26. Rd5 Qxc4 27. Qxa5 1-0

[Event "Superettan(Horndal-Wasa)"]
[Site "?"]
[Date "2011.02.26"]
[Round "6"]
[White "Wedberg, Tom"]
[Black "Olsson, Krister"]
[Result "1/2-1/2"]
[WhiteElo "2555"]
[BlackElo "2279"]
[PlyCount "81"]
[EventDate "2011.??.??"]
[SourceDate "2011.03.02"]

1. e4 c5 2. Nf3 Nc6 3. d4 cxd4 4. Nxd4 e5 5. Nb5 d6 6. g3 Be7 7. Bg2 Be6 8.
N1c3 a6 9. Na3 b5 10. Nd5 Nf6 11. O-O O-O 12. c3 Rc8 13. Nc2 Nd7 14. a4 Nc5 15.
axb5 axb5 16. Qe2 Rb8 17. Be3 Re8 18. Rfd1 Bf8 19. h3 Qc8 20. Kh2 Qb7 21. Ra3
Na4 22. Rb1 Nc5 23. Rba1 Na4 24. Rb1 Nc5 25. Rba1 Na4 26. c4 Nxb2 27. cxb5 Bxd5
28. exd5 Nd4 29. Bxd4 exd4 30. Qf3 d3 31. Nd4 d2 32. Qb3 Re1 33. Qxb2 d1=Q 34.
Rxd1 Rxd1 35. Rb3 Qb6 36. Nc6 Re8 37. Bf3 Rde1 38. Qd4 Rb8 39. Qd2 Rbe8 40. Qd4
Rb8 41. Qd2 1/2-1/2

[Event "Superettan(Horndal-Wasa)"]
[Site "?"]
[Date "2011.02.26"]
[Round "6"]
[White "Rorvall, Goran"]
[Black "Hellborg, Teodor"]
[Result "0-1"]
[WhiteElo "2197"]
[BlackElo "2352"]
[PlyCount "88"]

1. e4 c5 2. Nf3 Nc6 3. b3 Nf6 4. e5 Ng4 5. Bb2 d6 6. exd6 Qxd6 7. h3 Nf6 8. Bc4
e6 9. O-O Be7 10. Nc3 O-O 11. Qe2 Qf4 12. Qe3 Qf5 13. Bd3 Qh5 14. a3 b6 15.
Rae1 Bb7 16. Ne5 Nd4 17. f4 c4 18. b4 cxd3 19. Qxd4 dxc2 20. Qd3 Rfd8 21. Qxc2
Rac8 22. Qd1 Qxd1 23. Rxd1 Nh5 24. Kh2 Bh4 25. d4 Bg3+ 26. Kg1 Nxf4 27. Nxf7
Rd7 28. Ne5 Rdc7 29. Nd3 Rxc3 30. Bxc3 Ne2+ 31. Kh1 Rxc3 32. Rd2 Nxd4 33. Nf4
Rc4 34. Ne2 Be5 35. Nxd4 Bxd4 36. Rd3 e5 37. Rfd1 Rc2 38. R3d2 Rc7 39. Rf1 h6
40. Kh2 Bd5 41. Rf5 Be6 42. Rf3 b5 43. Rg3 Rc1 44. Rf3 e4 0-1

[Event "Superettan(Horndal-Wasa)"]
[Site "?"]
[Date "2011.02.26"]
[Round "6"]
[White "Astrom, Goran"]
[Black "Angskog, Kent"]
[Result "1/2-1/2"]
[WhiteElo "2313"]
[BlackElo "2238"]
[PlyCount "43"]

1. e4 g6 2. d4 Bg7 3. Nc3 d6 4. f4 a6 5. Nf3 b5 6. Bd3 Nd7 7. e5 c5 8. Be4 Rb8
9. O-O b4 10. Ne2 Qb6 11. Be3 Nh6 12. h3 O-O 13. c3 Bb7 14. Ng3 a5 15. Qd2 bxc3
16. bxc3 Bxe4 17. Nxe4 cxd4 18. cxd4 Nf5 19. Bf2 h5 20. Rac1 Rfc8 21. Rxc8+
Rxc8 22. Rc1 1/2-1/2

[Event "Superettan(Horndal-Wasa)"]
[Site "?"]
[Date "2011.02.26"]
[Round "6"]
[White "Vaarala, Eric"]
[Black "Collett, Peter"]
[Result "0-1"]
[WhiteElo "2256"]
[BlackElo "2273"]
[PlyCount "92"]

1. e4 e5 2. Nf3 Nc6 3. Bb5 a6 4. Ba4 Nf6 5. O-O Be7 6. Re1 b5 7. Bb3 d6 8. c3
O-O 9. d4 Na5 10. Bc2 exd4 11. cxd4 c5 12. d5 Nc4 13. b3 Nb6 14. Bb2 Bg4 15.
Nbd2 Nfd7 16. h3 Bh5 17. g4 Bg6 18. Kg2 Bf6 19. Bxf6 Qxf6 20. Nf1 Rfe8 21. Qd2
Bxe4 22. Bxe4 Rxe4 23. Rxe4 Qxa1 24. Re1 Qf6 25. Ng3 Nf8 26. g5 Qd8 27. Qb2 Ng6
28. Nf5 Qf8 29. Qd2 Nxd5 30. Kh1 Ndf4 31. h4 Qc8 32. Ne7+ Nxe7 33. Qxf4 Qf5 34.
Qg3 Ng6 35. h5 Nf4 36. Nh4 Qd5+ 37. Kh2 Nxh5 38. Qg4 g6 39. Qd7 Qd2 40. Ng2 Qd5
41. Re8+ Rxe8 42. Qxe8+ Kg7 43. Qd8 Qe5+ 44. f4 Qd4 45. Qe7 c4 46. bxc4 bxc4
0-1

[Event "Superettan(Horndal-Wasa)"]
[Site "?"]
[Date "2011.02.26"]
[Round "6"]
[White "Wenzel, Birger"]
[Black "Becker, Johnny"]
[Result "1-0"]
[WhiteElo "2125"]
[BlackElo "2105"]
[PlyCount "109"]

1. d4 c5 2. d5 e5 3. c4 d6 4. Nc3 Be7 5. Nf3 Na6 6. e4 Nf6 7. h3 O-O 8. Be3 Rb8
9. g4 Nc7 10. g5 Nfe8 11. a3 a6 12. b4 b6 13. Rg1 g6 14. h4 Ng7 15. Nh2 b5 16.
bxc5 dxc5 17. Rb1 Bd6 18. cxb5 axb5 19. Be2 c4 20. Bxc4 Bxa3 21. Nxb5 Nxb5 22.
Bxb5 f5 23. gxf6 Qxf6 24. Rg5 h6 25. Ng4 Bxg4 26. Rxg4 Kh7 27. Kf1 Rb7 28. Be2
Rxb1 29. Qxb1 Bd6 30. Qc1 h5 31. Rg5 Rf7 32. Kg2 Rc7 33. Qd2 Rf7 34. Kh1 Rb7
35. Qc2 Rc7 36. Qd1 Rf7 37. Kh2 Rc7 38. Kh3 Rf7 39. Rg2 Rc7 40. Bg5 Qf7 41. Qd2
Qf8 42. Bh6 Qf6 43. Bg5 Qf8 44. Bd1 Rf7 45. Kg3 Bb4 46. Qe2 Bc5 47. f3 Bd6 48.
Qb2 Qa8 49. Rc2 Qa5 50. Qc3 Qb6 51. Be3 Qb1 52. Rc1 Qa2 53. Ra1 Bb4 54. Qc1
Be1+ 55. Kh3 1-0

[Event "Superettan(Horndal-Wasa)"]
[Site "?"]
[Date "2011.02.26"]
[Round "6"]
[White "Bengts, Torleif"]
[Black "Safholm, Sten"]
[Result "1-0"]
[WhiteElo "2176"]
[BlackElo "1985"]
[PlyCount "83"]

1. e4 c5 2. c3 d5 3. exd5 Qxd5 4. d4 Nf6 5. Nf3 Nc6 6. Be2 e6 7. O-O Be7 8. Be3
cxd4 9. Nxd4 Nxd4 10. Bxd4 O-O 11. Bf3 Qb5 12. Qc2 Rd8 13. Re1 Bd7 14. a4 Qa6
15. b4 b5 16. Bxa8 Rxa8 17. Qd3 Qb7 18. axb5 Bxb5 19. Qg3 a6 20. Nd2 Bc6 21.
Nc4 Rd8 22. Na5 Qd7 23. Rad1 Qc8 24. Bxf6 Bxf6 25. Rxd8+ Bxd8 26. Nxc6 Qxc6 27.
Qb8 Qd5 28. h3 h6 29. Ra1 Kh7 30. Rxa6 Bf6 31. Qd6 Qe4 32. Qd2 Qc4 33. Ra5 Qe4
34. Ra1 Qc4 35. Rd1 g6 36. Qd3 Qa2 37. c4 Qa4 38. Qd7 Qxb4 39. Qxf7+ Bg7 40.
Qxe6 h5 41. Qe4 Qc3 42. Rd5 1-0

[Event "Superettan(Horndal-Wasa)"]
[Site "?"]
[Date "2011.02.26"]
[Round "6"]
[White "Aurehl, Bo"]
[Black "Wiker, Bo"]
[Result "1/2-1/2"]
[WhiteElo "2044"]
[BlackElo "2091"]
[PlyCount "41"]

1. d4 Nf6 2. Nf3 g6 3. e3 Bg7 4. Be2 O-O 5. O-O d6 6. b3 Nbd7 7. Bb2 Re8 8. c4
c6 9. Nc3 e5 10. Qc2 a6 11. dxe5 dxe5 12. Rfd1 e4 13. Nd2 Qe7 14. a3 Nf8 15. b4
Bf5 16. c5 N8d7 17. Nc4 Red8 18. Rd2 Ne5 19. Nxe5 Rxd2 20. Qxd2 Qxe5 21. Rd1
1/2-1/2

[Event "Superettan(Horndal-Wasa)"]
[Site "?"]
[Date "2011.02.26"]
[Round "6"]
[White "Eriksson, Magnus"]
[Black "Wahlund, Bengt"]
[Result "1/2-1/2"]
[WhiteElo "2101"]
[BlackElo "2018"]
[PlyCount "82"]

1. d4 Nf6 2. c4 e6 3. Nf3 b6 4. Nc3 Bb4 5. Bg5 h6 6. Bh4 Bxc3+ 7. bxc3 Ba6 8.
e3 Nc6 9. Be2 Na5 10. Ne5 O-O 11. Qa4 d6 12. Bxf6 gxf6 13. Nf3 Qe8 14. Qxe8
Rfxe8 15. Nd2 Rec8 16. Rc1 Kg7 17. e4 Rab8 18. h4 Rg8 19. Rh3 Kf8 20. g4 f5 21.
exf5 exf5 22. f3 Re8 23. Kf2 fxg4 24. fxg4 d5 25. Rg3 Rg6 26. g5 hxg5 27. hxg5
Nxc4 28. Nf3 Kg7 29. Nh4 Rge6 30. Nf5+ Kg8 31. Bd3 Bc8 32. Rh1 Nd6 33. Ne3 Ne4+
34. Bxe4 Rxe4 35. Rh6 Kg7 36. Rc6 R8e7 37. Nxd5 Re2+ 38. Kf3 R7e4 39. Rxc7 Be6
40. c4 Bxd5 41. cxd5 R2e3+ 1/2-1/2

[Event "Superettan(Mark-Majorna)"]
[Site "?"]
[Date "2011.02.26"]
[Round "6"]
[White "Panas, Itai"]
[Black "Oskarsson, Bo-Lennart"]
[Result "1/2-1/2"]
[WhiteElo "2153"]
[BlackElo "2217"]
[PlyCount "90"]

1. Nf3 f5 2. c4 Nf6 3. d4 e6 4. g3 Be7 5. Bg2 O-O 6. b3 Ne4 7. Nfd2 Nxd2 8.
Qxd2 Nc6 9. d5 Ne5 10. Bb2 d6 11. Nc3 Ng6 12. dxe6 c6 13. e3 Bxe6 14. Ne2 Qd7
15. Rd1 Rad8 16. O-O Ne5 17. Nf4 g5 18. Ne2 Qe8 19. f4 Ng6 20. Nd4 Bf6 21. e4
gxf4 22. exf5 Bxf5 23. Nxf5 Bxb2 24. Nh6+ Kg7 25. Qxb2+ Kxh6 26. Rf3 Ne5 27.
Rxf4 Rxf4 28. gxf4 Ng4 29. Qd2 Qe3+ 30. Qxe3 Nxe3 31. Re1 Nxg2 32. Kxg2 d5 33.
cxd5 Rxd5 34. Re2 Kg6 35. Kf3 Kf6 36. Kg4 a5 37. Rc2 Rd3 38. Rc5 Rd2 39. Rxa5
Rxh2 40. Ra7 Rg2+ 41. Kf3 Rg7 42. a4 Ke6 43. a5 Rc7 44. Ke4 Kd6 45. b4 Re7+
1/2-1/2

[Event "Superettan(Mark-Majorna)"]
[Site "?"]
[Date "2011.02.26"]
[Round "6"]
[White "Abdollahzadeh, Arash"]
[Black "Kall, Anders"]
[Result "0-1"]
[WhiteElo "2275"]
[BlackElo "2202"]
[PlyCount "72"]

1. f4 Nf6 2. Nf3 g6 3. g3 Bg7 4. Bg2 O-O 5. O-O c5 6. d3 d5 7. Qe1 Nc6 8. e4
Bg4 9. e5 Ne8 10. Nc3 Nc7 11. Nh4 Nd4 12. Qf2 f6 13. h3 Be6 14. exf6 Bxf6 15.
Nf3 Qd7 16. Kh2 b5 17. Nd1 Rac8 18. g4 Qd6 19. Nxd4 cxd4 20. b3 Bd7 21. Kh1 Bg7
22. Bd2 Rf7 23. c4 Rcf8 24. Qe1 dxc4 25. bxc4 bxc4 26. dxc4 Bc6 27. Nf2 Ne6 28.
Ne4 Qc7 29. Ng3 Bxg2+ 30. Kxg2 Qc6+ 31. Qe4 Qxe4+ 32. Nxe4 Nxf4+ 33. Bxf4 Rxf4
34. Rxf4 Rxf4 35. Re1 d3 36. c5 Rxe4 0-1

[Event "Superettan(Mark-Majorna)"]
[Site "?"]
[Date "2011.02.26"]
[Round "6"]
[White "Strom, Leif"]
[Black "Forsberg, Timmy"]
[Result "0-1"]
[WhiteElo "2133"]
[BlackElo "2183"]
[PlyCount "80"]

1. c4 Nf6 2. g3 c6 3. Bg2 d5 4. Nf3 Bf5 5. O-O dxc4 6. a4 Na6 7. Na3 Nb4 8.
Nxc4 Bc2 9. Qe1 Bb3 10. Ne3 Nfd5 11. d3 a5 12. Nd4 Nxe3 13. Bxe3 Bd5 14. Qd1 e5
15. Nf3 f6 16. Bd2 Na6 17. Bc3 Nc5 18. Nd2 Bf7 19. b4 Nxd3 20. b5 Nb4 21. Bxb4
Bxb4 22. bxc6 Qxd2 23. cxb7 Rb8 24. Bc6+ Kf8 25. Qxd2 Bxd2 26. Rfd1 Bb4 27.
Rab1 Be8 28. Rdc1 g6 29. Bd5 Ke7 30. e4 Bxa4 31. Rc7+ Kd6 32. Rf7 Rbf8 33. Rg7
Bc6 34. Bb3 Bxe4 35. Rd1+ Kc6 36. Be6 Rb8 37. Rc1+ Kb6 38. Bc8 Bxb7 39. Bd7
Rhd8 40. Ba4 Rdc8 0-1

[Event "Superettan(Mark-Majorna)"]
[Site "?"]
[Date "2011.02.26"]
[Round "6"]
[White "Sixtensson, Mikael"]
[Black "Fors, Klas"]
[Result "1-0"]
[WhiteElo "2256"]
[BlackElo "2091"]
[PlyCount "63"]

1. Nf3 c5 2. c4 Nf6 3. g3 g6 4. Bg2 Bg7 5. O-O O-O 6. Nc3 Nc6 7. d4 cxd4 8.
Nxd4 Nxd4 9. Qxd4 d6 10. Qd2 Rb8 11. b3 a6 12. Bb2 b5 13. cxb5 axb5 14. Rac1
Bb7 15. b4 Bxg2 16. Kxg2 Nd7 17. f4 Nb6 18. Nxb5 Bxb2 19. Qxb2 Nd5 20. Qd2 Rxb5
21. a4 Qa8 22. axb5 Nxf4+ 23. Kf2 Qg2+ 24. Ke1 Nh3 25. b6 Qxh2 26. Qe3 Qg2 27.
Qf3 Qxf3 28. Rxf3 Rb8 29. Rc6 Kg7 30. Ra3 Ng5 31. Ra7 Ne6 32. b7 1-0

[Event "Superettan(Mark-Majorna)"]
[Site "?"]
[Date "2011.02.26"]
[Round "6"]
[White "Bende, Tobias"]
[Black "Svensson, Leif"]
[Result "1-0"]
[WhiteElo "2113"]
[BlackElo "2160"]
[PlyCount "55"]

1. d4 d5 2. c4 e5 3. dxe5 d4 4. Nf3 Nc6 5. a3 Nge7 6. b4 Ng6 7. Bb2 Ncxe5 8.
Nxe5 Nxe5 9. e3 Be6 10. c5 Nc4 11. Bxd4 a5 12. Qc1 b5 13. Nc3 c6 14. Be2 a4 15.
O-O Qc7 16. Rd1 h5 17. Ne4 Bd5 18. Bxc4 Bxe4 19. Bd3 Bxd3 20. Rxd3 O-O-O 21.
Qb2 f6 22. Rad1 Qf7 23. Qe2 Qe6 24. Bxf6 Rxd3 25. Qxd3 Bxc5 26. Bxg7 Rg8 27.
bxc5 Rxg7 28. Qd8+ 1-0

[Event "Superettan(Mark-Majorna)"]
[Site "?"]
[Date "2011.02.26"]
[Round "6"]
[White "Olofsson, Hans-Erik"]
[Black "Karle, Max"]
[Result "0-1"]
[WhiteElo "2085"]
[BlackElo "2089"]
[PlyCount "79"]

1. e4 d5 2. exd5 Qxd5 3. Nc3 Qd6 4. d4 Nf6 5. Nf3 a6 6. h3 b5 7. a4 b4 8. Ne2
Bb7 9. Ng3 e6 10. Bd3 Nbd7 11. O-O Qb6 12. Re1 Be7 13. c4 bxc3 14. bxc3 O-O 15.
Rb1 Qa7 16. c4 Bd6 17. Ne5 Rab8 18. Bg5 Ba8 19. c5 Bxe5 20. dxe5 Nd5 21. Qh5 f5
22. exf6 N5xf6 23. Qe2 Bd5 24. c6 Rxb1 25. Rxb1 Nb8 26. Rb7 Qd4 27. Rxc7 Nxc6
28. Bxa6 Qxa4 29. Bb7 Qa1+ 30. Kh2 Ne4 31. Bxc6 Nxg5 32. Bxd5 exd5 33. h4 Ne4
34. Qg4 Qe5 35. Rc2 Nxf2 36. Qd7 Ne4 37. Qg4 h6 38. Ra2 Rb8 39. Ra6 Rd8 40. Re6
0-1

[Event "Superettan(Mark-Majorna)"]
[Site "?"]
[Date "2011.02.26"]
[Round "6"]
[White "Holzmann-Ekholm, Alexander"]
[Black "Erdes, Lazlo"]
[Result "1-0"]
[WhiteElo "1872"]
[BlackElo "1880"]
[PlyCount "109"]

1. e4 e5 2. Nf3 Nc6 3. d4 exd4 4. Nxd4 Bc5 5. Be3 Nxd4 6. Bxd4 Bxd4 7. Qxd4 Qf6
8. e5 Qb6 9. Qc3 Ne7 10. Nd2 Nd5 11. Qb3 Qxb3 12. Nxb3 b6 13. O-O-O Nf4 14. g3
Bb7 15. Rg1 Ne6 16. f4 g6 17. Be2 Ke7 18. Rd2 Rad8 19. Rgd1 Bc6 20. h4 h5 21.
Nd4 Nxd4 22. Rxd4 Rh7 23. b4 Rhh8 24. c4 d6 25. exd6+ Rxd6 26. Rxd6 cxd6 27.
Kb2 Re8 28. Bf1 Kd7 29. c5 bxc5 30. bxc5 d5 31. Rd3 Re1 32. Bh3+ Kc7 33. Kb3
Rb1+ 34. Kc3 Rb5 35. Kd4 Kd8 36. Rb3 Rxb3 37. axb3 a5 38. Bg2 a4 39. bxa4 Bxa4
40. Bxd5 Be8 41. Ke5 Ke7 42. Bb7 f6+ 43. Kd5 Bf7+ 44. Kc6 Be8+ 45. Kc7 Ke6 46.
Bc6 Bf7 47. Be4 g5 48. Kb7 Be8 49. c6 Kd6 50. c7 Bd7 51. hxg5 fxg5 52. fxg5 Ke5
53. c8=Q Bxc8+ 54. Kxc8 Kxe4 55. g6 1-0

[Event "Superettan(Mark-Majorna)"]
[Site "?"]
[Date "2011.02.26"]
[Round "6"]
[White "Frisk, Anders"]
[Black "Bengtsson, Tage"]
[Result "0-1"]
[WhiteElo "1858"]
[BlackElo "2030"]
[PlyCount "122"]

1. c4 f5 2. Nc3 Nf6 3. g3 g6 4. Bg2 Bg7 5. Nf3 O-O 6. O-O d6 7. d3 Nbd7 8. Rb1
Nh5 9. e3 Nc5 10. d4 Nd7 11. Ng5 Ndf6 12. f4 c6 13. b4 e5 14. Nf3 e4 15. Nd2
Be6 16. Qe2 Ng4 17. Nb3 g5 18. Rd1 gxf4 19. exf4 Qe8 20. h3 Ngf6 21. d5 cxd5
22. cxd5 Rc8 23. Bb2 Bd7 24. Kh2 Nxg3 25. Kxg3 Nh5+ 26. Kh2 Bxc3 27. Bxc3 Rxc3
28. Qd2 Rd3 29. Qf2 Rxd1 30. Rxd1 Rf7 31. Na5 Bb5 32. Re1 Rg7 33. Nb3 Nf6 34.
Nd4 Bd7 35. Bf3 Qg6 36. Bd1 Kh8 37. Bb3 Qh6 38. Bd1 Nxd5 39. Ne2 Nf6 40. Ng3 d5
41. Kg2 Bc6 42. Qc5 Nd7 43. Qd4 Qf6 44. Qxf6 Nxf6 45. Kf2 Bd7 46. Bb3 d4 47. b5
Re7 48. a4 Ne8 49. Rd1 d3 50. Ke3 Nd6 51. Rc1 Be6 52. Bxe6 Rxe6 53. Rc5 Rh6 54.
Nxf5 Rxh3+ 55. Kd2 Rh2+ 56. Ke3 Re2+ 57. Kd4 Nxf5+ 58. Ke5 d2 59. Kf6 Rg2 60.
Rd5 e3 61. Kxf5 Rg8 0-1

[Event "Superettan(Mark-Rockaden,Umea)"]
[Site "?"]
[Date "2011.03.11"]
[Round "7"]
[White "Wickstrom, Lucas"]
[Black "Sixtensson, Mikael"]
[Result "1-0"]
[WhiteElo "2324"]
[BlackElo "2256"]
[PlyCount "47"]
[SourceDate "2011.03.11"]

1. d4 g6 2. c4 Bg7 3. Nf3 c5 4. d5 d6 5. e4 Nf6 6. Nc3 O-O 7. Be2 b5 8. cxb5 a6
9. O-O axb5 10. Bxb5 Ba6 11. Qc2 Qa5 12. a4 Nbd7 13. Bd2 Rfb8 14. Rfe1 Qc7 15.
Bc6 Bb7 16. Nb5 Qc8 17. Bxb7 Rxb7 18. Rac1 Nb6 19. b3 Qd7 20. Na3 Rab8 21. Nb5
Ra8 22. Na3 Rab8 23. Bc3 c4 24. Nxc4 1-0

[Event "Superettan(Mark-Rockaden,Umea)"]
[Site "?"]
[Date "2011.03.11"]
[Round "7"]
[White "Forsberg, Viktor"]
[Black "Forsberg, Timmy"]
[Result "1/2-1/2"]
[WhiteElo "2301"]
[BlackElo "2183"]
[PlyCount "35"]

1. Nf3 d5 2. c4 dxc4 3. e3 Nf6 4. Bxc4 e6 5. d4 c5 6. O-O a6 7. Bb3 Nbd7 8. Nc3
b5 9. dxc5 Bxc5 10. Qe2 Bb7 11. a3 Qb8 12. e4 O-O 13. Bg5 h6 14. Bh4 Nh5 15.
Rad1 Ne5 16. Ne1 Nf4 17. Qc2 Rc8 18. Bg3 1/2-1/2

[Event "Superettan(Mark-Rockaden,Umea)"]
[Site "?"]
[Date "2011.03.11"]
[Round "7"]
[White "Svensson, Leif"]
[Black "Hammar, Ulf"]
[Result "0-1"]
[WhiteElo "2160"]
[BlackElo "2232"]
[PlyCount "46"]

1. d4 d5 2. Nc3 e6 3. e4 Bb4 4. a3 Bxc3+ 5. bxc3 dxe4 6. f3 e5 7. Bc4 Nc6 8.
Be3 Nh6 9. d5 Na5 10. Bb5+ Bd7 11. Qe2 Nf5 12. Bxd7+ Qxd7 13. fxe4 Nxe3 14.
Qxe3 Nc4 15. Qe2 Nd6 16. Nf3 f6 17. O-O Qa4 18. Rfb1 O-O 19. Rb4 Qd7 20. c4 c5
21. Rb3 Qa4 22. Nd2 b5 23. cxb5 Qd4+ 0-1

[Event "Superettan(Mark-Rockaden,Umea)"]
[Site "?"]
[Date "2011.03.11"]
[Round "7"]
[White "Mardell, Jimmy"]
[Black "Kleimark, Anders"]
[Result "1-0"]
[WhiteElo "2225"]
[BlackElo "1924"]
[PlyCount "57"]

1. e4 c5 2. Nf3 d6 3. d4 cxd4 4. Nxd4 Nf6 5. Nc3 a6 6. Bg5 e6 7. f4 Nbd7 8. Qf3
Qc7 9. O-O-O b5 10. Bd3 Bb7 11. Rhe1 Be7 12. Qg3 b4 13. Nd5 exd5 14. exd5 Kd8
15. Nc6+ Bxc6 16. dxc6 Nc5 17. Bh4 a5 18. Qxg7 Rg8 19. Qxf7 Rf8 20. Qxf8+ Bxf8
21. Bxf6+ Be7 22. Bxe7+ Qxe7 23. Rxe7 Nxd3+ 24. Rxd3 Kxe7 25. Rh3 Rh8 26. Rh6
Kd8 27. Rxd6+ Kc7 28. Rh6 Kb6 29. g4 1-0

[Event "Superettan(Team Malmo-Lulea)"]
[Site "?"]
[Date "2011.03.11"]
[Round "7"]
[White "Astrom, Robert"]
[Black "Johansson, Thomas"]
[Result "0-1"]
[WhiteElo "2527"]
[BlackElo "2270"]
[PlyCount "53"]
[EventDate "2011.??.??"]

1. d4 f5 2. g3 Nf6 3. Bg2 g6 4. Nf3 Bg7 5. O-O O-O 6. b4 Nc6 7. b5 Na5 8. Nbd2
d5 9. e3 Ne4 10. Qe2 Bd7 11. a4 c6 12. bxc6 Bxc6 13. Bb2 Rc8 14. Rfc1 Qe8 15.
Nxe4 fxe4 16. Nd2 b5 17. Bh3 Rb8 18. axb5 Bxb5 19. Be6+ Kh8 20. Qg4 Nc4 21. Bc3
Qc6 22. Nxc4 Qxc4 23. Ba5 Rf3 24. Qh3 Rbf8 25. Be1 Rxe3 26. Rxa7 Qxd4 27. Raa1
0-1

[Event "Superettan(Team Malmo-Lulea)"]
[Site "?"]
[Date "2011.03.11"]
[Round "7"]
[White "Malmqvist, Glenn"]
[Black "Larsson, Anders"]
[Result "0-1"]
[WhiteElo "2232"]
[BlackElo "2348"]
[PlyCount "40"]
[SourceDate "2011.03.13"]

1. d4 d6 2. c4 e5 3. Nc3 exd4 4. Qxd4 Nf6 5. Nd5 Be7 6. Nxe7 Qxe7 7. Bg5 Nbd7
8. g3 h6 9. Bc1 O-O 10. Bg2 Re8 11. b3 a5 12. Bb2 a4 13. e3 axb3 14. axb3 Rxa1+
15. Bxa1 Nc5 16. Qc3 Bf5 17. Ne2 Nce4 18. Qc1 Nxf2 19. Bxf6 Nd3+ 20. Kf1 Qxf6
0-1

[Event "Superettan(Team Malmo-Lulea)"]
[Site "?"]
[Date "2011.03.11"]
[Round "7"]
[White "Marklund, Niklas"]
[Black "Lindahl, Jonas"]
[Result "1/2-1/2"]
[WhiteElo "2240"]
[BlackElo "2238"]
[PlyCount "147"]

1. d4 d5 2. c4 dxc4 3. Nf3 c5 4. d5 Nf6 5. Nc3 e6 6. e4 exd5 7. e5 Ne4 8. Nxe4
dxe4 9. Qxd8+ Kxd8 10. Ng5 Be6 11. Nxe6+ fxe6 12. Bxc4 Nc6 13. Bxe6 Nxe5 14.
O-O Kc7 15. Bd5 Nd3 16. Be3 Re8 17. Rad1 Bd6 18. f3 Ne5 19. fxe4 Rhf8 20. Rc1
b6 21. h3 Nd3 22. Rxf8 Rxf8 23. Rb1 Bf4 24. Bxf4+ Nxf4 25. Bc4 Re8 26. Re1 Kd6
27. Kh2 Ke5 28. Rd1 Re7 29. Bg8 h6 30. g3 Ne6 31. Bh7 Nd4 32. Rf1 Kd6 33. Rf8
Ne6 34. Rf1 Ng5 35. Bf5 Re5 36. Rd1+ Kc6 37. Bd7+ Kc7 38. Bb5 Re7 39. Kg2 Nxe4
40. Re1 Kd6 41. Rd1+ Ke5 42. Re1 Kf6 43. Rf1+ Ke6 44. Re1 Kf7 45. Rf1+ Nf6 46.
a4 Re4 47. b3 Ke7 48. a5 Rb4 49. Re1+ Kf8 50. Bc4 b5 51. Be6 Re4 52. Rxe4 Nxe4
53. Bd5 Nd6 54. Kf3 Ke7 55. Kf4 Kf6 56. h4 g6 57. Bg8 a6 58. Bd5 g5+ 59. hxg5+
hxg5+ 60. Kg4 c4 61. bxc4 bxc4 62. Kf3 Ke5 63. Bg8 Ne4 64. Ke3 Nd6 65. g4 c3
66. Kd3 Nb5 67. Bc4 c2 68. Kd2 Kd6 69. Bxb5 axb5 70. Kxc2 Kc6 71. Kc3 Kb7 72.
Kb3 Ka7 73. Ka3 Kb7 74. Kb3 1/2-1/2

[Event "Superettan(Team Malmo-Lulea)"]
[Site "?"]
[Date "2011.03.11"]
[Round "7"]
[White "Franzen, Johan"]
[Black "Engstrom, Kaj"]
[Result "0-1"]
[WhiteElo "2121"]
[BlackElo "2289"]
[PlyCount "128"]

1. d4 d5 2. Nf3 Nf6 3. g3 Bf5 4. Bg2 Qc8 5. O-O Bh3 6. c4 h5 7. cxd5 h4 8. Qa4+
c6 9. dxc6 bxc6 10. Bf4 Bxg2 11. Kxg2 Nd5 12. Bxb8 Rxb8 13. Rc1 hxg3 14. fxg3
Rh6 15. Nbd2 Rxb2 16. h4 e5 17. Qxa7 Bb4 18. Nxe5 Rf6 19. Rxc6 Ne3+ 20. Kg1
Rxc6 21. Qxf7+ Kd8 22. Qg8+ Kc7 23. Qxc8+ Kxc8 24. Nxc6 Bxd2 25. a4 Kb7 26.
Nd8+ Ka6 27. Ne6 g6 28. Nf4 Nf5 29. Nxg6 Nxg3 30. Kf2 Nf5 31. d5 Bh6 32. Rd1
Rb6 33. Ne5 Bf4 34. Nc4 Rb4 35. d6 Bg3+ 36. Kg2 Bxh4 37. d7 Bd8 38. Rd5 Nh4+
39. Kh3 Rxc4 40. Rd6+ Kb7 41. a5 Ra4 42. a6+ Kc7 43. Rh6 Kxd7 44. Rh7+ Be7 45.
Rh6 Nf5 46. Rb6 Nd6 47. Kg2 Bd8 48. Rb3 Rxa6 49. Rb2 Bf6 50. Rc2 Ke6 51. Kf2
Ke5 52. Rc5+ Ke4 53. Rc2 Bd4+ 54. Kf1 Nf5 55. Rc8 Ne3+ 56. Kf2 Nd5+ 57. Kg2
Rg6+ 58. Kh1 Rh6+ 59. Kg2 Nf4+ 60. Kg3 Rg6+ 61. Kh2 Nxe2 62. Rf8 Be5+ 63. Kh3
Nf4+ 64. Kh4 Bf6+ 0-1

[Event "Superettan(Team Malmo-Lulea)"]
[Site "?"]
[Date "2011.03.11"]
[Round "7"]
[White "Radovic, Stefan"]
[Black "Jonsson, Lennart"]
[Result "1-0"]
[WhiteElo "2192"]
[BlackElo "2102"]
[PlyCount "99"]
[SourceDate "2011.03.14"]

1. Nf3 d5 2. c4 d4 3. e3 c5 4. exd4 cxd4 5. d3 g6 6. g3 Bg7 7. Bg2 e5 8. O-O
Ne7 9. Na3 O-O 10. Nc2 h6 11. Re1 f6 12. b4 g5 13. a4 Ng6 14. Ba3 Re8 15. Nd2
f5 16. Rb1 Nd7 17. c5 Nf6 18. Nc4 Nd5 19. Qh5 Kh7 20. Nd6 Nf6 21. Qd1 Re7 22.
b5 Rc7 23. c6 b6 24. Nxc8 Raxc8 25. Nb4 Bf8 26. Qb3 Qe8 27. Nd5 Nxd5 28. Bxd5
Bxa3 29. Qxa3 Rd8 30. Qb3 Qe7 31. Re2 Qd6 32. Bf7 Nf8 33. Rbe1 Re7 34. Bc4 Ng6
35. Bf7 Nf8 36. f4 gxf4 37. gxf4 Qf6 38. Bg8+ Kh8 39. fxe5 Rg7+ 40. Kh1 Qg5 41.
Bd5 Ng6 42. Rg2 Qh5 43. Reg1 f4 44. Be4 f3 45. Rxg6 Rxg6 46. Bxg6 Qxe5 47. Qf7
Qg7 48. Qxg7+ Kxg7 49. c7 Rf8 50. Bf5+ 1-0